|
|
|
|
| LEADER |
03365nam a2200445 i 4500 |
| 001 |
45728 |
| 003 |
BD-DhAAL |
| 005 |
20260510183355.0 |
| 008 |
260510t2019 maua b 001 0 eng c |
| 010 |
|
|
|a 2018042063
|
| 020 |
|
|
|a 9780674987647
|
| 020 |
|
|
|a 9780674293953
|
| 035 |
|
|
|a 20706283
|
| 040 |
|
|
|a MH/DLC
|b eng
|c MH
|e rda
|d DLC
|d BD-DhAAL
|
| 042 |
|
|
|a pcc
|
| 043 |
|
|
|a a-ja---
|a n-us---
|
| 050 |
0 |
0 |
|a UA845
|b .S625 2019
|
| 082 |
0 |
0 |
|a 355.00952
|2 23
|
| 100 |
1 |
|
|a Smith, Sheila A.,
|d 1959-
|e author.
|9 60592
|
| 245 |
1 |
0 |
|a Japan rearmed :
|b the politics of military power /
|c Sheila A. Smith.
|
| 246 |
|
3 |
|a Japan rearmed
|
| 260 |
|
|
|a Cambridge, Massachusetts :
|b Harvard University Press,
|c 2019.
|
| 300 |
|
|
|a xi, 333 pages :
|b illustrations ;
|c 22 cm
|
| 500 |
|
|
|a "A Council on Foreign Relations book."
|
| 504 |
|
|
|a Includes bibliographical references (pages 313-321) and index.
|
| 505 |
0 |
|
|a Japan in the Cold War -- The Self-Defense Force abroad -- Mobilizing the military -- The Constitution revisited -- Relying on borrowed power.
|
| 520 |
|
|
|a Article Nine of Japan's postwar constitution, drafted in 1946 under U.S. Occupation, claims that the Japanese people "forever renounce the use of force as a means of settling international disputes." During the Cold War, the alliance with the United States allowed Japan to develop a largely defensive military, the Self-Defense Forces. Yet in the decades since, Japan has considered new ways to use its military. Demands from Washington for greater Japanese military participation in coalition forces and a gradual embrace in Japan of contributing to UN peacekeeping led to overseas deployments. Entering the 21st century, North Korea's nuclear and missile proliferation and China's growing maritime assertiveness have challenged Japanese strategists to confront their hesitancy over the use of force. This book examines this ambivalence over the military as an instrument of power and argues that the accelerating changes in Japan's relationship with the United States and with its neighbors are forcing Tokyo's political leaders to confront the idea that they may need to order their military to do what all militaries are expected to do: prepare for war.--
|c Provided by publisher
|
| 526 |
8 |
|
|a AAL
|
| 541 |
1 |
|
|a Donated by Embassy of Japan in Bangladesh, Read Japan Project 2025, The Tokyo Foundation, supported by The Nippon Foundation.
|e 45728
|
| 610 |
1 |
0 |
|a Japan.
|t Kenpō (1946)
|9 60593
|
| 651 |
|
0 |
|a Japan
|x Armed Forces
|x History
|y 20th century.
|9 60594
|
| 651 |
|
0 |
|a Japan
|x Armed Forces
|x History
|y 21st century.
|9 60595
|
| 651 |
|
0 |
|a Japan
|x Military policy.
|9 60596
|
| 651 |
|
0 |
|a Japan
|x Foreign relations
|z United States.
|9 60563
|
| 651 |
|
0 |
|a United States
|x Foreign relations
|z Japan.
|9 60562
|
| 852 |
1 |
|
|a Ayesha Abed Library
|c General Stacks
|
| 942 |
|
|
|2 ddc
|c BK
|
| 955 |
|
|
|a MH
|a xn11 2019-06-05 1 copy rec'd., to CIP ver.
|
| 999 |
|
|
|c 47910
|d 47910
|
| 952 |
|
|
|0 0
|1 0
|2 ddc
|4 0
|6 355_009520000000000_SMI
|7 0
|9 79168
|a BRACUL
|b BRACUL
|d 2026-05-10
|e Donated by Embassy of Japan in Bangladesh, Read Japan Project 2025, The Tokyo Foundation, supported by The Nippon Foundation.
|l 0
|o 355.00952 SMI
|p 3010045728
|r 2026-05-10
|t 1
|w 2026-05-10
|y BK
|x Donated copy received from Embassy of Japan in Bangladesh, Read Japan Project 2025, The Tokyo Foundation, supported by The Nippon Foundation on 08 April 2026; $24.95
|